000 00255nam a2200121Ia 4500
100 _aBaphana/R.M.
650 _aPRODUCTION
942 _cBK
245 _aApplied Mathematics-II
260 _bTech Max
_aPune
_c2005
082 _a519/BAP
546 _aENGLISH
999 _c32932
_d32932